Advanced building systems : (Record no. 353627)
[ view plain ]
| 000 -LEADER | |
|---|---|
| fixed length control field | 01201cam a22003497a 4500 |
| 001 - CONTROL NUMBER | |
| control field | 13460894 |
| 003 - CONTROL NUMBER IDENTIFIER | |
| control field | OSt |
| 005 - DATE AND TIME OF LATEST TRANSACTION | |
| control field | 20180116192413.0 |
| 008 - FIXED-LENGTH DATA ELEMENTS--GENERAL INFORMATION | |
| fixed length control field | 040116s2003 sz a b 001 0 eng |
| 010 ## - LIBRARY OF CONGRESS CONTROL NUMBER | |
| LC control number | 2004268115 |
| 015 ## - NATIONAL BIBLIOGRAPHY NUMBER | |
| National bibliography number | GBA2-V52 |
| 020 ## - INTERNATIONAL STANDARD BOOK NUMBER | |
| International Standard Book Number | 3764367237 |
| 035 ## - SYSTEM CONTROL NUMBER | |
| System control number | (CStRLIN)PAUGV3277311-B |
| 035 ## - SYSTEM CONTROL NUMBER | |
| System control number | (PU)3277311 |
| 040 ## - CATALOGING SOURCE | |
| Original cataloging agency | BDS |
| Transcribing agency | BDS |
| Modifying agency | Uk |
| Language of cataloging | eng |
| Modifying agency | DLC |
| 042 ## - AUTHENTICATION CODE | |
| Authentication code | lccopycat |
| 050 00 - LIBRARY OF CONGRESS CALL NUMBER | |
| Classification number | TH845 |
| Item number | .D36 2003 |
| 082 ## - DEWEY DECIMAL CLASSIFICATION NUMBER | |
| Classification number | 690 |
| 100 1# - MAIN ENTRY--PERSONAL NAME | |
| Personal name | Daniels, Klaus. |
| 9 (RLIN) | 6254 |
| 245 10 - TITLE STATEMENT | |
| Title | Advanced building systems : |
| Remainder of title | a technical guide for architects and engineers / |
| Statement of responsibility, etc. | Klaus Daniels ; English translation by Elizabeth Schwaiger. |
| 260 ## - PUBLICATION, DISTRIBUTION, ETC. | |
| Place of publication, distribution, etc. | Basel ; |
| -- | Boston : |
| Name of publisher, distributor, etc. | Birkhäuser, |
| Date of publication, distribution, etc. | c2003. |
| 300 ## - PHYSICAL DESCRIPTION | |
| Extent | 522 p. : |
| Other physical details | ill. (some col.) ; |
| Dimensions | 31 cm. |
| 500 ## - GENERAL NOTE | |
| General note | Includes bibliographical references and index. |
| 650 #0 - SUBJECT ADDED ENTRY--TOPICAL TERM | |
| Topical term or geographic name entry element | Building |
| General subdivision | Automation. |
| 9 (RLIN) | 6255 |
| 650 #0 - SUBJECT ADDED ENTRY--TOPICAL TERM | |
| Topical term or geographic name entry element | Systems engineering. |
| 9 (RLIN) | 6256 |
| 650 #0 - SUBJECT ADDED ENTRY--TOPICAL TERM | |
| Topical term or geographic name entry element | Architectural design. |
| 9 (RLIN) | 6257 |
| 700 1# - ADDED ENTRY--PERSONAL NAME | |
| Personal name | Schwaiger, Elizabeth. |
| 9 (RLIN) | 6258 |
| 906 ## - LOCAL DATA ELEMENT F, LDF (RLIN) | |
| a | 7 |
| b | cbc |
| c | copycat |
| d | 2 |
| e | ncip |
| f | 20 |
| g | y-gencatlg |
| 942 ## - ADDED ENTRY ELEMENTS (KOHA) | |
| Source of classification or shelving scheme | |
| Koha item type | Book |
| Withdrawn status | Lost status | Source of classification or shelving scheme | Damaged status | Not for loan | Permanent Location | Current Location | Date acquired | Total Checkouts | Full call number | Barcode | Date last seen | Date last checked out | Copy number | Cost, replacement price | Price effective from | Koha item type |
|---|---|---|---|---|---|---|---|---|---|---|---|---|---|---|---|---|
| School of Art Design and Architecture (SADA) | School of Art Design and Architecture (SADA) | 08/24/2012 | 2 | 690 DAN 2003 | SADA0001822 | 03/25/2024 | 03/13/2024 | 1 | 5534.00 | 01/30/2013 | Book |
